00498nam a2200181Ia 450000500170000000800410001704000190005804100120007708200160008910000170010524500630012225000160018526000340020130000170023550400170025265000370026985000100030620240307111614.0131103s9999 xx 000 0 und d aLoreto College aEnglish a371.3 bCHA aChauhan,S.S. aInnovations In Teaching-Learning Process, cS.S.Chauhan a2nd rev.ed. aDelhibVikas Publishingc1983 aviii,190 p.  aReprint 1994 aMethods of Instruction And Study aLCLIB